| 000 | 00757cam a2200217 4500 | ||
|---|---|---|---|
| 001 | WB3603-21 | ||
| 008 | 000000n2000 000 0 eng u | ||
| 035 | _a(Sirsi) u103680 | ||
| 245 | _aRadon claim settled | ||
| 260 | _c2000 | ||
| 490 |
_aFinancial Times _v15 January 2000, 4(1) |
||
| 520 | _aA claim for compensation made by the widow of a mine worker who died from lung cancer, which she claimed was due to radon exposure, has been settled out of court by Laporte Industries. The case could have implications for other cases involving radon exposure. | ||
| 590 | _aWB | ||
| 650 | _aRADON | ||
| 650 | _aHEALTH HAZARDS | ||
| 650 | _aMINERAL EXTRACTION | ||
| 650 | _aMINING | ||
| 650 | _aCANCER | ||
| 690 | _aMINING AND MINERALS | ||
| 942 | _n0 | ||
| 999 |
_c62257 _d62257 |
||